000 00363nam a2200145Ia 4500
008 220216s9999 xx 000 0 und d
100 _aJacob Jom
245 0 _aCan NR market brave out non-fundamental forces ?
260 _bRubber Asia
_c2016
300 _a90-97
650 _aNatural rubber
650 _aNR market
650 _aProduction fall
942 _cBS
999 _c49734
_d49734